Power and diplomacy : (Record no. 173187)

MARC details
000 -LEADER
fixed length control field 00653nam a22001937a 4500
005 - DATE AND TIME OF LATEST TRANSACTION
control field 20200220105028.0
010 ## - LCCN (DPL NO)
LC control number ENG-127902
020 ## - INTERNATIONAL STANDARD BOOK NUMBER
Terms of availability 845.00
International Standard Book Number 9780199489640
035 ## - SYSTEM CONTROL NUMBER
System control number EN-111434
037 ## - SOURCE OF ACQUISITION
Source of stock number/acquisition DBAD/PUB
082 ## - DEWEY DECIMAL CLASSIFICATION NUMBER
Classification number 336.54
100 ## - MAIN ENTRY--PERSONAL NAME
Personal name Zorawar Daulet Singh
245 ## - TITLE STATEMENT
Title Power and diplomacy :
Statement of responsibility, etc Zorawar Daulet Singh
Remainder of title India's foreign policies during the Cold War/
260 ## - PUBLICATION, DISTRIBUTION, ETC. (IMPRINT)
Place of publication, distribution, etc New Delhi
Date of publication, distribution, etc 2019
Name of publisher, distributor, etc Oxford University Press
270 ## - ADDRESS
Address 2/11 Ground Floor,Ansari Road,Dariyaganj
Postal code 110002
City New Delhi
300 ## - PHYSICAL DESCRIPTION
Extent xiii;398p.
Other physical details 22(hb)
500 ## - GENERAL NOTE
General note includes bibliographical references and index
942 ## - ADDED ENTRY ELEMENTS (KOHA)
Source of classification or shelving scheme Dewey Decimal Classification
Item type English Books
Classification part ZOR
Call number prefix 327.54009045
Holdings
Withdrawn status Lost status Not for loan Collection code Home library Current library Date acquired Source of acquisition Cost, normal purchase price Full call number Barcode Copy number Cost, replacement price Koha item type
      Non-fiction Central Library Central Library 20/02/2020 DBAD/PUB 845.00 ZOR EN-111434 1 845.00 English Books

© Delhi Public Library
Hit Counter
free hit counter